000 00966nam a2200325L 4500
001 41433
005 20230411085956.0
008 900131s1989 xxu r i000 0 eng d
035 _a(OCoLC)ocn153298525
040 _aNNUN
_cNYDRD
020 _a9211301351
020 _a9789211301359
035 _a(OCoLC)153298525
086 _aST/CSDHA/8
_2undoc
049 _aGRAL
245 0 0 _aParticipation of women in decision-making for peace :
_bcase-study on Sweden.
260 _aNew York :
_bUN,
_c1989.
300 _aii, 102 p. :
_btables.
500 _aMaterial type: Reports/studies.
506 _aDistribution: General.
610 2 7 _aSweden. Riksdagen.
_2unbisn
650 0 7 _aWOMEN IN POLITICS.
_2unbist
650 0 7 _aSWEDEN.
_2unbist
650 0 7 _aDECISION-MAKING.
_2unbist
650 0 7 _aWOMEN'S STATUS.
_2unbist
650 0 7 _aWOMEN'S ADVANCEMENT.
_2unbist
650 0 7 _aPOLITICAL PARTICIPATION.
_2unbist
942 _2lcc
_cbk
994 _aC0
_bDRFGD
999 _c110322
_d110322